| 000 | 03105cam a22005414i 4500 | ||
|---|---|---|---|
| 003 | PE-LiUPU | ||
| 005 | 20250731173433.0 | ||
| 008 | 150706s2012 sp a rb 000 0 spa d | ||
| 020 | _a9788482677309 | ||
| 020 | _a8482677306 | ||
| 035 | _a(Sirsi) i9788482677309 | ||
| 035 | _a(Sirsi) i9788482677309 | ||
| 040 |
_aPE-LiUPU _bspa _cPE-LiUPU _erda |
||
| 049 | _aPRUA | ||
| 082 | 0 | 4 |
_a220.44 _bP16 _221 |
| 100 | 1 |
_aPagán, Samuel, _eautor. |
|
| 245 | 1 | 0 |
_aIntroducción a la Biblia Hebrea / _cSamuel Pagán. |
| 264 | 1 |
_aBarcelona : _bCLIE, _c2012. |
|
| 300 |
_a626 páginas : _bilustraciones ; _c24 centímetros |
||
| 336 |
_atext _2rdacontent |
||
| 337 |
_aunmediated _2rdamedia |
||
| 338 |
_avolume _2rdacarrier |
||
| 490 | 0 | _aEstudios bíblicos | |
| 504 | _aIncluye bibliografía. | ||
| 505 | 0 | _aAsuntos preliminares -- El mundo de la Biblia Hebrea -- Historia y Teología -- Los libros de Moisés -- El pentateuco o la Torá -- El libro de Génesis -- El libro de Éxodo -- El libro de Levítico -- El libro de Números -- El libro de Deuteronomio -- Los profetas o Nebiim -- Los profetas anteriores o libros históricos -- El Libro de Josué -- El libro de Jueces -- Los libros de Samuel -- Los libros de Reyes -- Los «Profetas posteriores» -- El libro de Isaías -- El libro de Jeremías -- El libro de Ezequiel -- El libro de los doce -- Los escritos o Ketubim -- Los Escritos -- El libro de los Salmos -- El libro de Job -- El libro de los Proverbios -- El libro de Rut -- El libro del Cantar de los Cantares -- El libro de Qohélet o Eclesiastés -- El libro de las Lamentaciones -- El libro de Ester -- El libro de Daniel -- El libro de Esdras-Nehemías -- Los libros de crónicas -- Literatura Apócrifa -- Los libros apócrifos o Deuterocanónicos. | |
| 526 | _aSEG42 | ||
| 526 | _aSEG41 | ||
| 526 | _aSEG40 | ||
| 526 | _aSEG39 | ||
| 526 | _aP94 | ||
| 526 | _aP87 | ||
| 526 | _aP86 | ||
| 526 | _aP85 | ||
| 526 | _aP77 | ||
| 526 | _aP76 | ||
| 526 | _aP35 | ||
| 541 | _g001-0000702; | ||
| 630 |
_aBiblia _xAntiguo Testamento _xIntroducciones. |
||
| 910 |
_agl _clch _d20131118 |
||
| 942 |
_2ddc _cBOOK |
||
| 949 |
_a220.44 P16 _wDEWEY _c1 _i68469 _lCCODEBUL1 _mBUL _p44.00 _r0 _sY _tBOOK _u2015-7-6 _xTEOLOGIA _PP35 _o.STAFF. Colección Teología |
||
| 949 |
_aPGT 220.44 P16 _wDEWEY _c1 _i71898 _lPOSTGRADO _mBUL _p45.00 _r1 _sY _tBOOK _u2015-8-25 _xPOSGRADO _PP85 _0COMPRA _o.CIRCNOTE. No olvidar cambiar la fecha de devolución!!!!!!! _o.STAFF. Posgrado |
||
| 994 |
_aC0 _bPEPRU |
||
| 596 | _a1 | ||
| 999 |
_a220.44 P16 _wDEWEY _c55852 _i68469 _d55852 _e2019-3-24 _f2021-11-9 _g5 _lCCODEBUL1 _mBUL _n10 _p44.00 _q5 _r0 _sY _tBOOK _u2015-7-6 _xTEOLOGIA _PP35 _0COMPRA _o.STAFF. Colección Teología |
||
| 999 |
_aPGT 220.44 P16 _wDEWEY _c1 _i71898 _d2022-6-5 _e2022-6-2 _f2021-11-9 _g5 _lCCODEBUL1 _mBUL _n5 _p45.00 _q6 _r0 _sY _tBOOK _u2015-8-25 _xTEOLOGIA _PP85 _0COMPRA _o.CIRCNOTE. No olvidar cambiar la fecha de devolución!!!!!!! _o.STAFF. Colección Teología |
||
| 980 |
_81 _gALBERTO SANCHEZ Responsable de Automatización |
||